| 000 | 00432pab a2200157 454500 | ||
|---|---|---|---|
| 008 | 180718b2014 xxu||||| |||| 00| 0 eng d | ||
| 100 | _aKakkoth, Seetha | ||
| 245 | _aSquare pegs in round roles: Perceptions of hunter-gatherer school dropouts of Kerala, South India | ||
| 260 | _c2014 | ||
| 300 | _ap.433-451. | ||
| 362 | _aJul-Dec | ||
| 650 | _aDropouts | ||
| 773 | _aEastern Anthropologist | ||
| 908 | _aN | ||
| 909 | _a106811 | ||
| 999 |
_c106806 _d106806 |
||